Sydnee's Friend Quiz - Statistics

General Stats
  • This quiz has been taken 7 times
  • The average score is 8 of 15
Answer Stats
Question Answer % Correct
What is the make and model of Syd's car? Mazda CX-9
100%
Who is Syd's favorite suitemate/roommate? All of the above
75%
How many cats has Syd had in her life? three
75%
How many steps are in Syd's nighttime skincare routine? three
75%
What is Syd's middle name? Anne
50%
What is Syd's sister's name? Clare
50%
What is Syd's major in college? Geology
50%
What are Syd's favorite shoes to wear? green teva slippers
50%
What are Syd's favorite movies? Hairspray, The Last Unicorn, Howl's Moving Castle
50%
What vaccine did Syd get? Johnson & Johnson
50%
What is Syd's birthday? July 18
50%
Where do Syd's cousins live? New Jersey and Minnesota
50%
How many countries has Syd been to (excluding the US)? three
50%
How many years did Syd do ballet for? 13
25%
When did Syd get her wisdom teeth removed? 2020
25%
No matching quizzes found
Score Distribution
Percent of People with Each Score
Percentile by Number Answered
Your Score History
You have not taken this quiz